[Event "Arber op 8th"]
[Site "Bodenmais"]
[Date "2019.08.04"]
[Round "9"]
[White "Krauss, Andreas"]
[Black "Heiduk, Christoph"]
[Result "1/2-1/2"]
[WhiteElo "1996"]
[BlackElo "1870"]
[PlyCount "63"]
[EventDate "2019.07.27"]
[EventType "swiss"]
[EventRounds "9"]
[EventCountry "GER"]
[SourceTitle "CBM 191 Extra"]
[Source "ChessBase"]
[SourceDate "2019.09.30"]
[SourceVersion "1"]
[SourceVersionDate "2019.09.30"]
[SourceQuality "1"]

1. e4 c5 2. c4 Nc6 3. Ne2 d6 4. d4 cxd4 5. Nxd4 e5 6. Nc2 f5 7. exf5 Bxf5 8. Nc3 Nf6 9. Ne3 Be6 10. g3 Be7 11. Bg2 0-0 12. 0-0 Rc8 13. b3 Qd7 14. Ncd5 Rcd8 15. Bb2 Bh3 16. Qe2 Bxg2 17. Kxg2 Qe6 18. Rad1 Nd7 19. Qg4 Qxg4 20. Nxg4 h5 21. Nge3 Bf6 22. h3 Nc5 23. Nxf6+ Rxf6 24. f4 Ne6 25. fxe5 dxe5 26. Rxd8+ Nexd8 27. Nd5 Rxf1 28. Kxf1 Kf7 29. Kf2 Ke6 30. g4 hxg4 31. hxg4 Nf7 32. Ke3 1/2-1/2

[Event "Oberliga Bayern 1819"]
[Site "Bayern"]
[Date "2019.03.24"]
[Round "8.6"]
[White "Krauss, Andreas"]
[Black "Huber, Benedikt"]
[Result "1/2-1/2"]
[WhiteElo "2079"]
[BlackElo "2116"]
[PlyCount "81"]
[EventDate "2018.10.21"]
[EventType "team-tourn"]
[EventRounds "9"]
[EventCountry "GER"]
[SourceTitle "EXT 2020"]
[Source "ChessBase"]
[SourceDate "2019.10.17"]
[SourceVersion "1"]
[SourceVersionDate "2019.10.17"]
[SourceQuality "1"]
[WhiteTeam "Deggendorf"]
[BlackTeam "Muenchen Suedost"]
[WhiteTeamCountry "GER"]
[BlackTeamCountry "GER"]

1. e4 e6 2. Qe2 c5 3. g3 Nc6 4. c3 g6 5. Bg2 Bg7 6. d3 Nge7 7. f4 0-0 8. Nf3 d6 9. 0-0 e5 10. Na3 h6 11. Be3 b6 12. Qd2 Kh7 13. d4 Ba6 14. Rfd1 exd4 15. cxd4 Qc7 16. Rac1 Qb7 17. Nc2 Rae8 18. Bf2 Qb8 19. b3 Bb7 20. d5 Nd8 21. Re1 f5 22. exf5 Nxf5 23. g4 Ne7 24. Nh4 Nf7 25. Qd3 Nh8 26. f5 Bf6 27. Nxg6 Nhxg6 28. fxg6+ Kg7 29. Ne3 Qc8 30. Be4 Ba6 31. Qc2 Bg5 32. Bf5 Nxf5 33. Nxf5+ Rxf5 34. gxf5 Bxc1 35. Qc3+ Kg8 36. Rxe8+ Qxe8 37. Qxc1 Qe4 38. Qxh6 Qg4+ 39. Kh1 Qf3+ 40. Kg1 Qg4+ 41. Kh1 1/2-1/2

[Event "Oberliga Bayern 1819"]
[Site "Bayern"]
[Date "2018.12.16"]
[Round "4.6"]
[White "Wutz, Christoph"]
[Black "Krauss, Andreas"]
[Result "1/2-1/2"]
[WhiteElo "2246"]
[BlackElo "2079"]
[PlyCount "173"]
[EventDate "2018.10.21"]
[EventType "team-tourn"]
[EventRounds "9"]
[EventCountry "GER"]
[SourceTitle "EXT 2020"]
[Source "ChessBase"]
[SourceDate "2019.10.17"]
[SourceVersion "1"]
[SourceVersionDate "2019.10.17"]
[SourceQuality "1"]
[WhiteTeam "Regensburg Post/Sued"]
[BlackTeam "Deggendorf"]
[WhiteTeamCountry "GER"]
[BlackTeamCountry "GER"]

1. d4 d5 2. Bf4 c5 3. e3 Nc6 4. c3 e6 5. Nf3 Bd6 6. Bg3 Nf6 7. Nbd2 cxd4 8. exd4 0-0 9. Bd3 Qe7 10. Ne5 Nd7 11. Qe2 f5 12. f4 Ndxe5 13. fxe5 Bc7 14. Nf3 Bd7 15. Bh4 Qe8 16. 0-0 h6 17. Kh1 g5 18. Be1 Ne7 19. Bd2 Qh5 20. Ng1 Qxe2 21. Nxe2 Be8 22. h4 f4 23. Ng1 Nf5 24. Bxf5 Rxf5 25. hxg5 hxg5 26. g3 Bb5 27. Rf3 Raf8 28. gxf4 gxf4 29. Nh3 Bd8 30. Rg1+ Kf7 31. Rxf4 Bd3 32. Rg3 Be4+ 33. Kg1 Rg8 34. Rxg8 Kxg8 35. Rg4+ Kf7 36. Bg5 Rf3 37. Nf2 Bxg5 38. Rxg5 Bf5 39. Kf1 Rf4 40. Ke2 Rh4 41. Rg2 a5 42. a3 b5 43. Kd2 b4 44. axb4 axb4 45. Rg3 Rh2 46. Rf3 b3 47. c4 dxc4 48. Kc3 Ke7 49. Kxc4 Bc2 50. Nd3 Bxd3+ 51. Rxd3 Rxb2 52. Rxb3 Rc2+ 53. Rc3 Rb2 54. Rh3 Rc2+ 55. Kd3 Rc1 56. Rh7+ Ke8 57. Ra7 Rd1+ 58. Kc4 Rc1+ 59. Kb5 Rc2 60. Ra6 Ke7 61. Rc6 Rb2+ 62. Kc5 Kd7 63. Rd6+ Ke7 64. Rb6 Rc2+ 65. Kb5 Rc1 66. Ka6 Kd7 67. Kb7 Rc7+ 68. Ka8 Rc8+ 69. Ka7 Rc7+ 70. Ka6 Rc1 71. Rd6+ Ke7 72. Kb5 Rc2 73. Rc6 Rb2+ 74. Kc5 Kd7 75. Rd6+ Ke7 76. Kc4 Rb1 77. Ra6 Rc1+ 78. Kd3 Rb1 79. Ra7+ Ke8 80. d5 exd5 81. Kd4 Rb6 82. Kc5 Rh6 83. Kxd5 Rg6 84. Rc7 Rh6 85. Rg7 Ra6 86. e6 Ra1 87. Rb7 1/2-1/2

[Event "Oberliga Bayern 1819"]
[Site "Bayern"]
[Date "2018.11.11"]
[Round "2.6"]
[White "Heumann, Joern"]
[Black "Krauss, Andreas"]
[Result "1/2-1/2"]
[WhiteElo "2130"]
[BlackElo "2079"]
[PlyCount "37"]
[EventDate "2018.10.21"]
[EventType "team-tourn"]
[EventRounds "9"]
[EventCountry "GER"]
[SourceTitle "EXT 2020"]
[Source "ChessBase"]
[SourceDate "2019.10.17"]
[SourceVersion "1"]
[SourceVersionDate "2019.10.17"]
[SourceQuality "1"]
[WhiteTeam "Kareth Lappersdorf"]
[BlackTeam "Deggendorf"]
[WhiteTeamCountry "GER"]
[BlackTeamCountry "GER"]

1. e4 d5 2. exd5 Qxd5 3. Nc3 Qd6 4. d4 Nf6 5. g3 a6 6. Bg2 Nc6 7. Nf3 Bg4 8. Be3 0-0-0 9. Qe2 e5 10. dxe5 Nxe5 11. Rd1 Nxf3+ 12. Bxf3 Bxf3 13. Qxf3 Qb4 14. Rxd8+ Kxd8 15. 0-0 Kc8 16. Qf5+ Kb8 17. Rb1 Bd6 18. a3 Qg4 19. Qxg4 1/2-1/2

[Event "Landesliga Sued 1617"]
[Site "Bayern"]
[Date "2017.01.15"]
[Round "4.5"]
[White "Krauss, Andreas"]
[Black "Bensch, Patrick"]
[Result "0-1"]
[WhiteElo "1865"]
[BlackElo "2149"]
[PlyCount "80"]
[EventDate "2016.10.16"]
[EventType "team-tourn"]
[EventRounds "9"]
[EventCountry "GER"]
[SourceTitle "EXT 2019"]
[Source "ChessBase"]
[SourceDate "2018.10.10"]
[SourceVersion "1"]
[SourceVersionDate "2018.10.10"]
[SourceQuality "1"]
[WhiteTeam "Deggendorf"]
[BlackTeam "Rottal"]
[WhiteTeamCountry "GER"]
[BlackTeamCountry "GER"]

1. e4 c5 2. c4 Nc6 3. Ne2 Nd4 4. Nbc3 g6 5. d3 Bg7 6. Nxd4 cxd4 7. Ne2 d6 8. g3 Qb6 9. Bg2 Nf6 10. 0-0 0-0 11. a3 a5 12. b3 Nd7 13. Bd2 Nc5 14. Nc1 f5 15. f3 fxe4 16. fxe4 Rxf1+ 17. Bxf1 Nxe4 18. Ra2 Nc3 19. Bxc3 dxc3+ 20. Kh1 Bd7 21. Bg2 Rf8 22. Qe1 Bc6 23. Re2 Bxg2+ 24. Rxg2 Qc6 25. h3 Qf3 26. Kh2 Qf1 27. Qe6+ Kh8 28. Ne2 c2 29. Qe3 Bb2 30. Qxe7 c1Q 31. Nxc1 Bxc1 32. Qxd6 Bh6 33. b4 axb4 34. axb4 Qa1 35. b5 Rf1 36. Qb8+ Bf8 37. g4 Qe1 38. Ra2 Rh1+ 39. Kg2 Qf1+ 40. Kg3 Rxh3# 0-1

[Event "Landesliga Sued 1617"]
[Site "Bayern"]
[Date "2016.10.16"]
[Round "1.5"]
[White "Reimann, Robert"]
[Black "Krauss, Andreas"]
[Result "1/2-1/2"]
[WhiteElo "2052"]
[BlackElo "1865"]
[PlyCount "66"]
[EventDate "2016.10.16"]
[EventType "team-tourn"]
[EventRounds "9"]
[EventCountry "GER"]
[SourceTitle "EXT 2019"]
[Source "ChessBase"]
[SourceDate "2018.10.10"]
[SourceVersion "1"]
[SourceVersionDate "2018.10.10"]
[SourceQuality "1"]
[WhiteTeam "Kriegshaber"]
[BlackTeam "Deggendorf"]
[WhiteTeamCountry "GER"]
[BlackTeamCountry "GER"]

1. c4 e5 2. g3 Nf6 3. Bg2 c6 4. d4 Bb4+ 5. Bd2 Bxd2+ 6. Qxd2 d6 7. Nc3 0-0 8. Nf3 Qe7 9. 0-0 Bg4 10. h3 Bxf3 11. exf3 Qc7 12. f4 Nbd7 13. Rfe1 Rfe8 14. fxe5 dxe5 15. d5 cxd5 16. cxd5 Rad8 17. Rac1 Qa5 18. Rcd1 Nb6 19. Ne4 Qxd2 20. Nxf6+ gxf6 21. Rxd2 Nc4 22. Rde2 Kf8 23. b3 Nd6 24. f4 Rc8 25. fxe5 fxe5 26. Rxe5 Rxe5 27. Rxe5 Rc2 28. g4 Rxa2 29. h4 a5 30. Rh5 Kg7 31. Rg5+ Kf8 32. Rh5 Kg7 33. Rg5+ Kf8 1/2-1/2

[Event "Landesliga Sued 1415"]
[Site "Bayern"]
[Date "2014.11.09"]
[Round "2.8"]
[White "Krauss, Andreas"]
[Black "Hittinger, Christian"]
[Result "1/2-1/2"]
[WhiteElo "1885"]
[BlackElo "2025"]
[PlyCount "79"]
[EventDate "2014.10.19"]
[EventType "team-tourn"]
[EventRounds "9"]
[EventCountry "GER"]
[SourceTitle "EXT 2018"]
[Source "ChessBase"]
[SourceDate "2017.10.13"]
[SourceVersion "1"]
[SourceVersionDate "2017.10.13"]
[SourceQuality "1"]
[WhiteTeam "Deggendorf"]
[BlackTeam "Muenchen Suedost"]
[WhiteTeamCountry "GER"]
[BlackTeamCountry "GER"]

1. e4 c6 2. d4 d5 3. e5 c5 4. dxc5 Nc6 5. Nf3 Bg4 6. Bb5 Qa5+ 7. Nc3 e6 8. Be3 Qc7 9. Bxc6+ bxc6 10. Bd4 Rb8 11. a3 Ne7 12. b4 Nf5 13. Ne2 Bxf3 14. gxf3 g6 15. 0-0 Bg7 16. f4 g5 17. Re1 Qe7 18. Be3 Rg8 19. Kh1 gxf4 20. Bxf4 Qh4 21. Qd2 Bxe5 22. Rg1 Ke7 23. Raf1 Bxf4 24. Qxf4 Qxf4 25. Nxf4 Nd4 26. c3 Nb5 27. Ne2 Nxa3 28. Nd4 Rxg1+ 29. Rxg1 Kd7 30. Ra1 Nb5 31. Nxb5 Rxb5 32. Rxa7+ Ke8 33. Ra6 d4 34. cxd4 Rxb4 35. Rxc6 Rxd4 36. Ra6 Ke7 37. Kg2 Rc4 38. Ra7+ Kf6 39. Rc7 e5 40. Rc6+ 1/2-1/2

[Event "Regionalliga SO 1314"]
[Site "Bayern"]
[Date "2013.11.24"]
[Round "3.7"]
[White "Krause, Karl Heinz"]
[Black "Krauss, Andreas"]
[Result "1/2-1/2"]
[WhiteElo "1474"]
[BlackElo "1886"]
[PlyCount "35"]
[EventDate "2013.10.13"]
[EventType "team-tourn"]
[EventRounds "9"]
[EventCountry "GER"]
[SourceTitle "EXT 2015"]
[Source "ChessBase"]
[SourceDate "2014.11.20"]
[SourceVersion "1"]
[SourceVersionDate "2014.11.20"]
[SourceQuality "1"]
[WhiteTeam "Landau Dingolfing"]
[BlackTeam "Deggendorf"]
[WhiteTeamCountry "GER"]
[BlackTeamCountry "GER"]

1. e4 d5 2. exd5 Qxd5 3. Nc3 Qd6 4. d4 Nf6 5. Be2 a6 6. Bg5 Nbd7 7. Nf3 e6 8. h3 Be7 9. Qc1 c5 10. Bf4 Qb6 11. dxc5 Bxc5 12. 0-0 Bd6 13. Bxd6 Qxd6 14. Qg5 0-0 15. Rad1 Qc7 16. Bd3 b5 17. Qh4 Nc5 18. Be2 1/2-1/2

[Event "Regionalliga SO 1112"]
[Site "Bayern"]
[Date "2012.03.18"]
[Round "8.8"]
[White "Krauss, Andreas"]
[Black "Kramer, Melik Kurt"]
[Result "0-1"]
[WhiteElo "1922"]
[BlackElo "1896"]
[PlyCount "72"]
[EventDate "2011.10.02"]
[EventType "team-tourn"]
[EventRounds "9"]
[EventCountry "GER"]
[SourceTitle "EXT 2015"]
[Source "ChessBase"]
[SourceDate "2014.11.20"]
[SourceVersion "1"]
[SourceVersionDate "2014.11.20"]
[SourceQuality "1"]
[WhiteTeam "Deggendorf"]
[BlackTeam "Ebersberg Grafing"]
[WhiteTeamCountry "GER"]
[BlackTeamCountry "GER"]

1. Nf3 d5 2. c4 c6 3. e3 Nf6 4. Nc3 e6 5. b3 Bd6 6. Bb2 0-0 7. Be2 e5 8. cxd5 e4 9. Nd4 cxd5 10. Ncb5 Be7 11. Rc1 a6 12. Nc7 Ra7 13. Qc2 Bd7 14. b4 b5 15. Nb3 Bc6 16. Be5 Bd6 17. Nxb5 Bxb5 18. Qb2 Bxe5 19. Qxe5 Nbd7 20. Qd4 Rc7 21. Bxb5 Rxc1+ 22. Nxc1 axb5 23. 0-0 Qb6 24. Qc3 Qb8 25. Ne2 Rc8 26. Qb3 Ne5 27. Nc3 Nc4 28. Rd1 Ng4 29. Nxd5 Qxh2+ 30. Kf1 Qh1+ 31. Ke2 Qxg2 32. Rf1 Qf3+ 33. Ke1 Nce5 34. Ne7+ Kh8 35. Nxc8 Nd3+ 36. Qxd3 exd3 0-1

[Event "Regionalliga SO 0910"]
[Site "Bayern"]
[Date "2009.11.29"]
[Round "3.7"]
[White "Lang, Stefan1111"]
[Black "Krauss, Andreas"]
[Result "1/2-1/2"]
[WhiteElo "2028"]
[BlackElo "1897"]
[PlyCount "91"]
[EventDate "2009.10.18"]
[EventType "team-tourn"]
[EventRounds "9"]
[EventCountry "GER"]
[SourceTitle "EXT 2011"]
[Source "ChessBase"]
[SourceDate "2010.11.26"]
[SourceVersion "1"]
[SourceVersionDate "2010.11.26"]
[SourceQuality "1"]
[WhiteTeam "Unterpfaffenhofen"]
[BlackTeam "Deggendorf"]
[WhiteTeamCountry "GER"]
[BlackTeamCountry "GER"]

1. d4 e6 2. Nf3 c5 3. g3 Nf6 4. Bg2 d5 5. 0-0 Nc6 6. a3 cxd4 7. Nxd4 Qb6 8. Nb3 Be7 9. a4 0-0 10. a5 Qd8 11. N1d2 Bd7 12. c3 Rc8 13. Re1 Ne5 14. h3 Nc4 15. e4 Nxd2 16. Nxd2 dxe4 17. Nxe4 Nxe4 18. Bxe4 Bc6 19. Qc2 Bxe4 20. Qxe4 Qc7 21. Be3 a6 22. Bb6 Qc6 23. Rad1 Bc5 24. Qxc6 Rxc6 25. Bxc5 Rxc5 26. Rd7 Rb8 27. Red1 Kf8 28. Rd8+ Rxd8 29. Rxd8+ Ke7 30. Rb8 Rc7 31. Kf1 h5 32. Ke2 Kd6 33. Kd3 Kc6 34. c4 Rd7+ 35. Kc3 Kc7 36. Rf8 Kd6 37. f4 g6 38. b4 e5 39. fxe5+ Kxe5 40. Re8+ Kd6 41. Re3 Kc6 42. Rf3 f5 43. h4 Re7 44. Kd3 Re4 45. Rf4 Re1 46. Kd4 1/2-1/2

[Event "Regionalliga SO 0708"]
[Site "Bayern"]
[Date "2008.04.20"]
[Round "9.8"]
[White "Rapport, Richard"]
[Black "Krauss, Andreas"]
[Result "1-0"]
[WhiteElo "2203"]
[BlackElo "1765"]
[PlyCount "109"]
[EventDate "2007.10.21"]
[EventType "team-tourn"]
[EventRounds "9"]
[EventCountry "GER"]
[SourceTitle "EXT 2009"]
[Source "ChessBase"]
[SourceDate "2008.11.26"]
[SourceVersion "1"]
[SourceVersionDate "2008.11.26"]
[SourceQuality "1"]
[WhiteTeam "Trostberg"]
[BlackTeam "Deggendorf"]
[WhiteTeamCountry "GER"]
[BlackTeamCountry "GER"]

1. d4 d5 2. c4 c6 3. cxd5 cxd5 4. Nf3 Nf6 5. Nc3 e6 6. Bf4 Nc6 7. e3 Be7 8. Bd3 0-0 9. 0-0 Bd7 10. Rc1 Rc8 11. Ne5 Be8 12. a3 Bd6 13. Qf3 Ne7 14. Qh3 Ng6 15. Bxg6 hxg6 16. Nxg6 fxg6 17. Qxe6+ Bf7 18. Qxd6 Qa5 19. Bg5 Rc6 20. Qg3 Re6 21. Bxf6 gxf6 22. Ne2 f5 23. Nf4 Ra6 24. Nd3 Qd8 25. Qc7 Rb6 26. Qxd8 Rxd8 27. Rc3 Kg7 28. Rfc1 Be6 29. Rc7+ Kf6 30. b4 Rd7 31. Rxd7 Bxd7 32. Rc7 Bc6 33. Nc5 a5 34. Nd3 Ra6 35. h4 axb4 36. Nxb4 Rxa3 37. Nxc6 bxc6 38. Rxc6+ Kf7 39. Rd6 Ra5 40. Kh2 Kg7 41. Kg3 Kh6 42. f3 Kh5 43. Kf4 Ra2 44. g3 Ra5 45. g4+ fxg4 46. fxg4+ Kxh4 47. Rxg6 Kh3 48. Rh6+ Kg2 49. g5 Ra1 50. g6 Rg1 51. Rh5 Rf1+ 52. Kg5 Kf3 53. g7 Kxe3 54. Rh4 Kf3 55. Rf4+ 1-0

[Event "Niederbayernliga 0607"]
[Site "Germany"]
[Date "2007.??.??"]
[Round "7.1"]
[White "Krauss, Andreas"]
[Black "Kaisersberger, Christian"]
[Result "0-1"]
[WhiteElo "1930"]
[BlackElo "1931"]
[PlyCount "96"]
[EventDate "2006.??.??"]
[EventType "team"]
[EventRounds "9"]
[EventCountry "GER"]
[SourceTitle "EXT 2008"]
[Source "ChessBase"]
[SourceDate "2007.11.25"]
[SourceVersion "1"]
[SourceVersionDate "2007.11.25"]
[SourceQuality "1"]
[WhiteTeam "Deggendorf II"]
[BlackTeam "Kauflanden"]
[WhiteTeamCountry "GER"]
[BlackTeamCountry "GER"]

1. e4 e6 2. Qe2 c5 3. f4 Nc6 4. Nf3 Nf6 5. g3 Qc7 6. Bg2 e5 7. d3 d6 8. c3 Bg4 9. h3 Bxf3 10. Qxf3 h6 11. Na3 a6 12. Nc2 Be7 13. 0-0 0-0 14. Be3 Rad8 15. Qf2 Nd7 16. Rad1 Rc8 17. f5 Nf6 18. g4 Nh7 19. Qg3 Qd8 20. Ne1 Bh4 21. Qh2 Bg5 22. Nc2 b5 23. Rf3 b4 24. Bxg5 Nxg5 25. Rg3 f6 26. h4 Nf7 27. c4 b3 28. axb3 Qb6 29. Na1 Nd4 30. Bf1 Rb8 31. Qd2 Rb7 32. Rb1 Rfb8 33. Be2 Nxb3 34. Nxb3 Qxb3 35. Qa5 Qc2 36. Re1 Rxb2 37. Qxa6 Rb1 38. Rxb1 Rxb1+ 39. Kf2 Rh1 40. Rg2 Qd2 41. Qa8+ Kh7 42. Qa7 Qf4+ 43. Bf3 Rh3 44. Qxf7 Qxf3+ 45. Ke1 Qe3+ 46. Kd1 Qxd3+ 47. Ke1 Rh1+ 48. Kf2 Rf1# 0-1

[Event "Niederbayernliga 0607"]
[Site "Germany"]
[Date "2007.??.??"]
[Round "5.1"]
[White "Krauss, Andreas"]
[Black "Kreuzer, Klaus"]
[Result "1/2-1/2"]
[WhiteElo "1930"]
[BlackElo "1989"]
[PlyCount "30"]
[EventDate "2006.??.??"]
[EventType "team"]
[EventRounds "9"]
[EventCountry "GER"]
[SourceTitle "EXT 2008"]
[Source "ChessBase"]
[SourceDate "2007.11.25"]
[SourceVersion "1"]
[SourceVersionDate "2007.11.25"]
[SourceQuality "1"]
[WhiteTeam "Deggendorf II"]
[BlackTeam "Ergolding"]
[WhiteTeamCountry "GER"]
[BlackTeamCountry "GER"]

1. e4 c5 2. c4 Nc6 3. Ne2 e6 4. d4 cxd4 5. Nxd4 Qc7 6. Nc3 a6 7. Be3 Nf6 8. Rc1 Bb4 9. f3 0-0 10. Be2 d6 11. 0-0 Nxd4 12. Qxd4 Bc5 13. Qd2 Bd7 14. Rfd1 Bxe3+ 15. Qxe3 Rfd8 1/2-1/2

[Event "Niederbayernliga 0607"]
[Site "Germany"]
[Date "2007.??.??"]
[Round "9.7"]
[White "Krauss, Andreas"]
[Black "Wimmer, Juergen"]
[Result "1/2-1/2"]
[WhiteElo "1930"]
[BlackElo "1788"]
[PlyCount "69"]
[EventDate "2006.??.??"]
[EventType "team"]
[EventRounds "9"]
[EventCountry "GER"]
[SourceTitle "EXT 2008"]
[Source "ChessBase"]
[SourceDate "2007.11.25"]
[SourceVersion "1"]
[SourceVersionDate "2007.11.25"]
[SourceQuality "1"]
[WhiteTeam "Deggendorf"]
[BlackTeam "Vilshofen"]
[WhiteTeamCountry "GER"]
[BlackTeamCountry "GER"]

1. e4 d6 2. d4 g6 3. f4 Bg7 4. Nf3 c5 5. dxc5 Qa5+ 6. c3 Qxc5 7. Bd3 Nf6 8. Qe2 0-0 9. Be3 Qc7 10. 0-0 Nc6 11. Kh1 a6 12. Nbd2 Bd7 13. Rad1 Rac8 14. Nc4 b5 15. Nb6 Rb8 16. Nxd7 Nxd7 17. Nd4 Rbc8 18. Nb3 Na5 19. Nxa5 Qxa5 20. Qf2 Qc7 21. Bb1 Qc6 22. Rfe1 Nc5 23. Bd4 e5 24. Bxc5 Qxc5 25. Qxc5 dxc5 26. f5 Rfd8 27. g4 Bf6 28. Rd5 Rxd5 29. exd5 Rd8 30. Be4 Kg7 31. Rd1 Be7 32. Kg2 f6 33. fxg6 hxg6 34. Kg3 Bd6 35. h3 1/2-1/2

[Event "Niederbayernliga 0607"]
[Site "Germany"]
[Date "2006.??.??"]
[Round "4.1"]
[White "Riemelmoser, Franz"]
[Black "Krauss, Andreas"]
[Result "1-0"]
[WhiteElo "2258"]
[BlackElo "1930"]
[PlyCount "61"]
[EventDate "2006.??.??"]
[EventType "team"]
[EventRounds "9"]
[EventCountry "GER"]
[SourceTitle "EXT 2008"]
[Source "ChessBase"]
[SourceDate "2007.11.25"]
[SourceVersion "1"]
[SourceVersionDate "2007.11.25"]
[SourceQuality "1"]
[WhiteTeam "Simbach"]
[BlackTeam "Deggendorf II"]
[WhiteTeamCountry "GER"]
[BlackTeamCountry "GER"]

1. c4 e5 2. g3 d6 3. Bg2 c6 4. Nc3 Be6 5. b3 Nf6 6. d4 Be7 7. Nf3 Nbd7 8. h3 h6 9. e4 exd4 10. Nxd4 0-0 11. Nd5 cxd5 12. exd5 Bxd5 13. cxd5 Nxd5 14. 0-0 N7b6 15. Bxh6 gxh6 16. Qg4+ Bg5 17. h4 Nf6 18. Qd1 Qd7 19. hxg5 hxg5 20. Qd2 Nh7 21. a4 Rae8 22. a5 Nc8 23. a6 d5 24. axb7 Qxb7 25. Nf5 Rd8 26. Qd4 f6 27. Rfe1 Qxb3 28. Rxa7 Qc4 29. Ne7+ Nxe7 30. Rexe7 Rfe8 31. Rxe8+ 1-0